000 01638cad a22002535a 4500
001 L148789
008 091110e20091109xxkabdef f000 0 eng d
035 _a(Sirsi) u148789
041 0 _aeng
050 0 4 _a333.72 $2 18
110 1 _aUnited Kingdom
_bDepartment for Energy and Climate Change
_95697
245 0 0 _aConsultation on draft national policy statements for energy infrastructure
_h[electronic resource]
260 _aLondon
_bDECC
_c2009
505 2 _aForeword from the Secretary of State -- Executive summary -- Complete list of consultation questions -- Background -- Draft Overarching Energy NPS (EN-1) -- Draft NPSs for fossil fuels, renewables, gas supply and gas and oil pipelines, and electricity networks (EN-2-5) -- Appraisal of Sustainability and Habitats Regulations Assessment for EN 1-5 -- Draft nuclear NPS (EN-6) and associated documents -- Impact assessment and other questions -- Annexes
520 _aConsultation seeks views on six draft national policy statements for energy infrastructure. These draft national policies aim to change the current reliance on high-carbon fossil fuels to nuclear, renewable and clean coal power, while ensuring the increase in production of electricity that might be needed by 2050.
520 _aDeadline for comments is 22 February 2010.
521 _aAdvanced
590 _aKA NTK
650 2 4 _aPLANNING ACT 2008
651 4 _aGreat Britain
_y1707-
690 _aENVIRONMENTAL AND LAND CONSULTANCY-ENERGY
856 4 0 _uhttps://www.info4local.gov.uk/documents/consultations/1377687
_zView the consultation free of charge at www.info4local.gov.uk...
942 _n0
999 _c110221
_d110221